Citations d'oeuvres littéraires + Auteurs # 4 - Statistiques

Statistiques générales
  • Ce quiz a été pris 454 fois
  • Le résultat moyen est 10 sur 20
Statistiques - réponses
Question Réponse % Correct
Vous…. vous avez un nez… heu… un nez… très grand. Cyrano de Bergerac
88%
Corneille
80%
Rodrigue, as-tu du coeur ? Le Cid
80%
Edmond Rostand
74%
Emile Zola
74%
Lettre CLIII
Le Vicomte de Valmont à la Marquise de Merteuil
Je réponds sur-le-champ à votre Lettre, et je tâcherai d'être clair
Les liaisons dangereuses
65%
Voltaire
57%
Pierre Choderlos de Laclos
56%
Cultivons notre jardin. Candide ou l'Optimisme
54%
Molière
51%
Elle était Lo le matin, Lo tout court, un mètre quarante-huit en chaussettes, debout sur un seul pied. Elle était Lola en pantalon. Lolita
38%
Par ma foi ! il y a plus de quarante ans que je dis de la prose sans que j’en susse rien, et je vous suis le plus obligé du monde de m’avoir appris cela. Je voudrais donc lui mettre dans un billet : « Belle Marquise, vos beaux yeux me font mourir d’amour »
Le bourgeois gentilhomme
37%
Jacques Prévert
36%
Il dit non avec la tête Mais il dit oui avec le cœur Le cancre ( Paroles )
34%
Quand Gervaise s’éveilla, vers cinq heures, raidie, les reins brisés, elle éclata en sanglots. Lantier n’était pas rentré. Pour la première fois, il découchait. L'assommoir
30%
Vladimir Nabokov
30%
Emile Ajar ( Romain Gary )
28%
La première chose que je peux vous dire c'est qu'on habitait au sixième à pied et que pour Madame Rosa, avec tous ces kilos qu'elle portait sur elle et seulement deux jambes, c'était une vraie source de vie quotidienne, avec tous les soucis et les peines. La vie devant soi
24%
JRR Tolkien
17%
Même la plus petite personne peut changer le cours de l’avenir. Le Seigneur des Anneaux, tome 1 : La Communauté de l'Anneau
17%
Aucun quiz correspondant
Distribution des résultats
% des personnes avec chaque résultat
Percentile par nombre de réponses
Votre historique - résultats
Vous n’avez pas pris ce quiz